000 00484nam a2200169 i 4500
001 42186
003 ES-MaACL
005 20250814063212.0
007 t|
008 030312s1971 sp ||||1| spa d
100 1 _aCastilla del Pino, Carlos,
_d1922-2009
_936651
245 1 0 _aSexualidad y represión /
_cCarlos Castilla del Pino.
260 _a[Madrid] :
_bAyuso,
_c[1971]
300 _a71 p. ;
_c19 cm.
852 _aES-MaACL
_jC-50630
_bR.77207
999 _c42186
_d42186